When bad things happen to good people / (Registro nro. 11016)

Detalles MARC
000 -LIDER
fixed length control field 00688nam a22002417a 4500
001 - NÚMERO DE CONTROL
Identificador de número de control 000418
003 - IDENTIFICACDOR DE NÚMERO DE CONTROL
control field DO-SdBNP
005 - DATE AND TIME OF LATEST TRANSACTION
control field 20161031091917.0
007 - CAMPOS FIJOS DE DESCRIPCIÓN FÍSICA
fixed length control field 000418
008 - ELEMENTOS DE LONGITUD FIJA
fixed length control field 160722b2 1981 nyu ||||| |||| 00| 0 spa d
020 ## - ISBN
International Standard Book Number 1400034728
040 ## - FUENTE DE CATALOGACIÓN
Agencia que crea de manera original el registro BPMSU
Idioma de catalogación spa
Agencia que realiza la transcripción BPMSU
082 ## - NÚMERO DE CLASIFICACIÓN DECIMAL DE DEWEY
Classification number 296.311
Item number K97w
100 1# - ASIENTO PRINCIPAL -- NOMBRE PERSONAL
Nombre personal Kushner, Harold S.
245 10 - MENCIÓN DE TITULO
Título When bad things happen to good people /
Mención de responsabilidad Harold S. Kushner.
260 0# - PUBLICACIÓN, DISTRIBUCIÓN, ETC. (PIE DE IMPRENTA)
Lugar de publicación, distribución, etc New York :
Nombre del editor, distribuidor, etc. Anchor Books,
Fecha de publicación, distribución, etc 1981.
300 ## - DESCRIPCIÓN FÍSICA
Extensión viii, 164 p. ;
Dimensiones 21 cm.
650 #4 - ENCABEZAMIENTO DE MATERIA--TEMÁTICO
Término temático o nombre geográfico como elemento de entrada SUFRIMIENTO
650 #4 - ENCABEZAMIENTO DE MATERIA--TEMÁTICO
Término temático o nombre geográfico como elemento de entrada PROVIDENCIA DIVINA
910 ## - VALIDACIÓN
Validación Validado. Control de calidad MFF
942 ## - ADDED ENTRY ELEMENTS (KOHA)
Source of classification or shelving scheme Dewey Decimal Classification
Koha item type Libros
956 ## - LOCAL ELECTRONIC LOCATION AND ACCESS (OCLC)
Método de acceso LOPEREZ
Materiales especificados 10
Enlace 20160722
Campo enlazado y núm. de secuencia BPMSU
Nombre de host 00041
Existencias
Withdrawn status Lost status Source of classification or shelving scheme Damaged status Not for loan Collection code Home library Current library Date acquired Source of acquisition Total Checkouts Full call number Barcode Date last seen Price effective from Koha item type
    Dewey Decimal Classification     Colección General Biblioteca Pública Metropolitana Salomé Ureña Biblioteca Pública Metropolitana Salomé Ureña 07/22/2016 Roberto Antonio Férnandez   296.311 K97w BPMSU16070641 07/22/2016 07/22/2016 Libros